| 000 | 00442nam a22001337a 4500 | ||
|---|---|---|---|
| 003 | PILC | ||
| 005 | 20160330153146.0 | ||
| 008 | 160330b xxu||||| |||| 00| 0 eng d | ||
| 050 |
_aHF 5718 _b.C734 2010 |
||
| 245 |
_aCommunication in the workplace : _benglish proficiency program for graduating students / |
||
| 260 |
_aDasmariƱas : _bThe Language Learning Center, _c2010. |
||
| 300 |
_a112 pages : _billustrations ; _c23 cm. |
||
| 942 |
_2lcc _cBK |
||
| 999 |
_c293094 _d293094 |
||